000 00597nam a2200205Ia 4500
005 20250923145109.0
008 008 250917s9999 xx 000 0 eng d
037 _aTextual
040 _aDSWL
_beng
_cDSWL
041 _aeng
_2eng
084 _aL9C:61:5p1(Y:434)N2, N65
_qDSWL
245 0 _aProtecting the pre school child
_cEd.by P. Gyorgy
260 _bTavistock Publication
_c1965
300 _a144 p.
365 _aUSD
_b7.5
700 _aA. Burgess
_9831761
925 _g7.5
942 _cTEXL
_hL9C:61:5p1(Y:434)N2, N65
999 _c1447042
_d1447042